Integrační teorie udržitelného regionálního rozvoje - představení a aplikace
Podstata integračnej teórie udržateľného regionálneho rozvoja. Možnosti praktického využitia.
Gespeichert in:
| 1. Verfasser: | |
|---|---|
| Format: | Buchkapitel |
| Sprache: | Tschechisch |
| Schlagworte: | |
| Tags: |
Keine Tags, Fügen Sie das erste Tag hinzu!
|
MARC
| LEADER | 00000naa a2200000 4500 | ||
|---|---|---|---|
| 001 | 0146423 | ||
| 005 | 20231207120022.8 | ||
| 041 | 0 | |a cze | |
| 044 | |a CZ | ||
| 245 | 1 | 0 | |a Integrační teorie udržitelného regionálního rozvoje - představení a aplikace |c Milan Viturka |
| 520 | |a Podstata integračnej teórie udržateľného regionálneho rozvoja. Možnosti praktického využitia. | ||
| 610 | 2 | 0 | |a rozvoj regionálny |
| 610 | 2 | 0 | |a teórie ekonomické |
| 610 | 2 | 0 | |a rozvoj trvalo udržateľný |
| 610 | 2 | 0 | |a integrácia regionálna |
| 610 | 2 | 0 | |a disparita |
| 100 | 1 | |a Viturka, Milan | |